[Event "5th Zurich Opening Blitz"]
[Site "Zurich SUI"]
[Date "2016.02.12"]
[Round "1"]
[White "Kramnik, V."]
[Black "Giri, A."]
[Result "1/2-1/2"]
[WhiteElo "2801"]
[BlackElo "2798"]
[PlyCount "70"]
[EventDate "2016.02.12"]
[EventType "blitz"]

1. d4 Nf6 2. Nf3 g6 3. Bg5 Bg7 4. Nbd2 c5 5. e3 b6 6. c3 Bb7 7. Bd3 O-O 8. O-O
h6 9. Bxf6 Bxf6 10. dxc5 bxc5 11. Ne4 Qb6 12. Nxf6+ Qxf6 13. e4 d6 14. Qe2 Nd7
15. Rfe1 Rab8 16. Qe3 Kg7 17. e5 dxe5 18. Nxe5 Nxe5 19. Qxe5 Rfd8 20. Bf1 Bd5
21. b3 c4 22. Qxe7 cxb3 23. axb3 Rxb3 24. Qxf6+ Kxf6 25. c4 Be6 26. Rxa7 Rc8
27. Rc1 Rc5 28. Ra2 g5 29. h3 h5 30. Rac2 Rb6 31. Rc3 Rd6 32. g3 Rd4 33. Rd3
Rxd3 34. Bxd3 Bxh3 35. Be2 Be6 1/2-1/2

[Event "5th Zurich Opening Blitz"]
[Site "Zurich SUI"]
[Date "2016.02.12"]
[Round "1"]
[White "Nakamura, Hi"]
[Black "Aronian, L."]
[Result "1-0"]
[WhiteElo "2787"]
[BlackElo "2792"]
[PlyCount "53"]
[EventDate "2016.02.12"]
[EventType "blitz"]

1. e4 e5 2. Nf3 Nc6 3. Bb5 Nf6 4. d3 Bd6 5. c3 O-O 6. O-O Re8 7. Nbd2 a6 8. Ba4
b5 9. Bc2 Bf8 10. Re1 d5 11. a4 Bb7 12. h3 h6 13. exd5 Qxd5 14. b4 Qd7 15. Ne4
Nd5 16. Bb3 $16 {White's position is already very comfortable. He has pressure
all around the board, including the a-file, some tricks on the kingside and
Black's pieces need to keep constant protection over squares such as c5.} Rad8
17. axb5 axb5 18. Bxh6 $1 {A very nice trick. It doesn't win a pawn, but it
gives White a great position.} Nxc3 (18... gxh6 19. Bxd5 {and the bishop is
taboo due to Nf6+.} Bg7 20. Bb3 Qxd3 21. Qc1 $1 {Looks almost winning for
White.}) 19. Nxc3 gxh6 20. Ne4 Be7 (20... Bg7 21. Nc5 {also looks annoying.})
21. Nh2 $1 Nd4 22. Ng4 Kg7 23. Nxe5 Qf5 24. Ng3 {Aronian's position simply
collapses.} Qg5 25. Nxf7 Qg6 26. Nxd8 Bxd8 27. Rxe8 1-0

[Event "5th Zurich Opening Blitz"]
[Site "Zurich SUI"]
[Date "2016.02.12"]
[Round "1"]
[White "Shirov, A."]
[Black "Anand, V."]
[Result "1/2-1/2"]
[WhiteElo "2684"]
[BlackElo "2784"]
[PlyCount "58"]
[EventDate "2016.02.12"]
[EventType "blitz"]

1. e4 c5 2. Nf3 d6 3. d4 cxd4 4. Nxd4 Nf6 5. Nc3 a6 6. h3 e6 7. g4 h6 8. Bg2
Be7 9. f4 Nc6 10. Be3 Nd7 11. O-O O-O 12. Nce2 Nxd4 13. Qxd4 b5 14. Ng3 e5 15.
Qd2 exf4 16. Bxf4 Ne5 17. Nf5 Bxf5 18. exf5 Rc8 19. Rad1 Nc4 20. Qc1 Bf6 21. b3
Ne5 22. Qd2 Qb6+ 23. Be3 Qc7 24. Qxd6 Qxc2 25. Qd2 Qc7 26. Qd6 Qa5 27. Qd2 Qc7
28. Qd6 Qa5 29. Qd2 Qc7 1/2-1/2

[Event "5th Zurich Opening Blitz"]
[Site "Zurich SUI"]
[Date "2016.02.12"]
[Round "2"]
[White "Giri, A."]
[Black "Anand, V."]
[Result "0-1"]
[WhiteElo "2798"]
[BlackElo "2784"]
[Annotator "Ramirez Alvarez,Alejandro"]
[PlyCount "66"]
[EventDate "2016.02.12"]
[EventType "blitz"]

1. e4 c5 2. Nf3 d6 3. Bb5+ Bd7 4. Bxd7+ Qxd7 5. c4 Nf6 6. Nc3 g6 7. d4 cxd4 8.
Nxd4 Nc6 9. f3 Bg7 10. Be3 O-O 11. O-O e6 12. Rc1 Rfd8 13. Nxc6 bxc6 14. Rf2 d5
15. Rd2 Qe8 16. e5 Nd7 17. f4 Nb6 18. b3 dxc4 19. Ne4 Nd5 20. Qf3 Nxe3 21. Qxe3
cxb3 22. axb3 Rd5 23. Rdc2 a5 24. Rxc6 Rd1+ 25. Kf2 Rxc1 26. Qxc1 Qd8 27. Nd6
Bf8 28. g3 a4 29. bxa4 Rxa4 30. Qc2 $6 (30. Kg2 $1 Qa5 31. Kh3 $1 {and with
the king tucked in h3 White should be doing ok.}) 30... Qa5 $1 31. Kf3 $2 {
Losing on the spot.} Qd5+ $1 32. Ne4 Ra2 $1 {suddenly there is no good place
for the queen. She has to keep an eye on too many squares: d3, d1 and the rook
on c6.} 33. Qc1 (33. Ke3 Rxc2 34. Nf6+ Kg7 35. Nxd5 Rxc6 {doesn't work either.}
) 33... Qd3+ {White will soon be mated.} 0-1

[Event "5th Zurich Opening Blitz"]
[Site "Zurich SUI"]
[Date "2016.02.12"]
[Round "2"]
[White "Aronian, L."]
[Black "Shirov, A."]
[Result "0-1"]
[WhiteElo "2792"]
[BlackElo "2684"]
[Annotator "Ramirez Alvarez,Alejandro"]
[PlyCount "128"]
[EventDate "2016.02.12"]
[EventType "blitz"]

1. c4 c6 2. Nf3 d5 3. g3 Nf6 4. Bg2 Bg4 5. Ne5 e6 6. cxd5 exd5 7. Nxg4 Nxg4 8.
O-O Nf6 9. d3 Bc5 10. Qc2 Bb6 11. e4 O-O 12. Nc3 Na6 13. a3 Nc5 14. exd5 Nxd5
15. Nxd5 cxd5 16. Be3 Rc8 17. Rac1 Qd7 18. Bxc5 Rxc5 19. Qxc5 Bxc5 20. Rxc5 Rc8
21. Rxd5 Qe7 22. Bh3 Rc7 23. Rd4 g6 24. Re4 Qd6 25. Rfe1 Rc2 26. R4e2 Rxe2 27.
Rxe2 Qxd3 28. Bf1 Qd4 29. h4 Kg7 30. b4 b6 31. Re7 a5 32. bxa5 bxa5 33. Re3 Qc5
34. Rf3 f5 35. Bg2 Kf6 36. Kh2 h6 37. Kg1 g5 38. hxg5+ hxg5 39. Bh3 f4 40. gxf4
Qc1+ 41. Kh2 gxf4 42. Bg2 Qd2 43. Kg1 Ke5 44. Rh3 Qd1+ 45. Kh2 Qe1 46. Rf3 Qd2
47. Kg1 Kd4 48. Kh2 a4 49. Kg1 Qd1+ 50. Kh2 Ke5 51. Rh3 Kf5 52. Bf3 Qc1 53. Bg2
Kf6 54. Rd3 Qc5 55. Rf3 Kg5 56. Bh3 Qd4 57. Kg1 $2 (57. Bf1 $11) 57... Qd1+ $1
58. Kg2 Qd5 $1 59. Bc8 Kh4 $2 (59... Qc6 60. Bh3 {leads to the game.}) 60. Bh3
$2 (60. Ba6 $1 {Aronian didn't realize his bishop was in danger!}) 60... Kg5
61. Bc8 Qc6 $1 62. Bh3 Kh5 $2 {the triangulation idea is cool, with a zugzwang,
but the execution was not correct} (62... Kg6 63. Bg4 Kf6 {is the correct
triangulation, not letting the bishop out.}) 63. Bf5 Kh4 64. Bh3 $4 (64. Bd3
$11) 64... Kg5 {suddenly White is completely stuck!} 0-1

[Event "5th Zurich Opening Blitz"]
[Site "Zurich SUI"]
[Date "2016.02.12"]
[Round "2"]
[White "Kramnik, V."]
[Black "Nakamura, Hi"]
[Result "0-1"]
[WhiteElo "2801"]
[BlackElo "2787"]
[Annotator "Ramirez Alvarez,Alejandro"]
[PlyCount "74"]
[EventDate "2016.02.12"]
[EventType "blitz"]

1. d4 d5 2. Nf3 Nf6 3. Bg5 c6 4. e3 Qb6 5. Bd3 Ne4 6. Nbd2 Nxg5 7. Nxg5 e6 8.
Qh5 g6 9. Qf3 Qc7 10. h4 Qe7 11. O-O-O Bg7 12. c3 e5 $1 {Despite White's
apparent lead in development, he isn't well placed to deal with this e5 break.}
13. e4 h6 $1 14. Nxf7 $6 (14. Nh3 exd4 15. cxd4 Bxd4 16. exd5 O-O $17) 14...
Qxf7 15. Qg3 exd4 16. exd5 O-O $1 {A beautiful defense, castling right into it.
After this there is no longer any attack and Black is completely winning.} 17.
Bxg6 Qxf2 18. Qxf2 Rxf2 19. Ne4 Rxg2 {Kramnik could have resigned at any point
after this.} 20. Rdg1 Rxg1+ 21. Rxg1 cxd5 22. Nd6 Nc6 23. Bf5 Bxf5 24. Nxf5 Kh8
$1 (24... Kf7 $1 25. Rxg7+ Kf6 {has a similar idea}) 25. Rg6 (25. Rxg7 Rf8 {
attacks the knight and wins the game.}) (25. Nxg7 Rg8 {is a deadly pin.}) 25...
Bf8 26. cxd4 Re8 27. Kd2 Re4 28. Kd3 Rxd4+ 29. Ke3 Re4+ 30. Kd2 Rf4 31. Rf6 Bg7
32. Rf7 Bxb2 33. h5 Bg7 34. Ke3 Re4+ 35. Kd2 Rf4 36. Ke3 Rf1 37. Kd2 Ne5 0-1

[Event "5th Zurich Opening Blitz"]
[Site "Zurich SUI"]
[Date "2016.02.12"]
[Round "3"]
[White "Shirov, A."]
[Black "Kramnik, V."]
[Result "1/2-1/2"]
[WhiteElo "2684"]
[BlackElo "2801"]
[PlyCount "91"]
[EventDate "2016.02.12"]
[EventType "blitz"]

1. e4 e5 2. Nf3 Nc6 3. Bb5 Nf6 4. O-O Nxe4 5. Re1 Nd6 6. Nxe5 Be7 7. Bf1 Nxe5
8. Rxe5 O-O 9. Nc3 Ne8 10. Nd5 Bd6 11. Re2 Nf6 12. Nxf6+ Qxf6 13. d4 b6 14. Qd3
Bb7 15. Bd2 Rae8 16. Rae1 Re6 17. c3 Rfe8 18. Rxe6 Rxe6 19. Rxe6 Qxe6 20. b3 a5
21. Qe3 Qxe3 22. Bxe3 Be4 23. Bc4 c6 24. f3 Bb1 25. a4 Ba2 26. d5 b5 27. axb5
cxb5 28. Bxb5 Bxb3 29. c4 a4 30. Bd4 a3 31. c5 Bf4 32. c6 Bxd5 33. cxd7 Bc7 34.
Kf2 a2 35. Ke2 f6 36. Kd3 Kf8 37. Kc2 Ke7 38. h3 Kd8 39. Kb2 Be5 40. Bxe5 fxe5
41. h4 h6 42. Ba4 Be6 43. Bb5 Bxd7 44. Bc4 Bc6 45. Bxa2 Ke7 46. Kc3 1/2-1/2

[Event "5th Zurich Opening Blitz"]
[Site "Zurich SUI"]
[Date "2016.02.12"]
[Round "3"]
[White "Anand, V."]
[Black "Aronian, L."]
[Result "0-1"]
[WhiteElo "2784"]
[BlackElo "2792"]
[Annotator "Ramirez Alvarez,Alejandro"]
[PlyCount "72"]
[EventDate "2016.02.12"]
[EventType "blitz"]

1. e4 e5 2. Nf3 Nc6 3. Bb5 Nf6 4. O-O Nxe4 5. Re1 Nd6 6. Nxe5 Be7 7. Bf1 Nf5 8.
Nf3 O-O 9. d4 d5 10. g3 Re8 11. Nc3 Be6 12. Ne2 Bd6 13. c3 f6 14. Bf4 g5 15.
Bxd6 Nxd6 16. Nc1 Qd7 17. Bg2 Ne7 18. Nd3 b6 19. h4 h6 20. hxg5 hxg5 21. Nxg5
$5 fxg5 22. Ne5 Qd8 23. Qh5 Nef5 $1 {White has compensation, but I don't think
it is sufficient for an advantage. He simply lacks pieces to attack with.} 24.
Ng4 $6 (24. Qg6+ Ng7 25. Re2 $11 {the pressure is still mounting and Black has
to find some way of not losing too much material:} Nf7 $1 26. Rae1 Nh8 27. Qh6
Nf7 {with a computeresque perpetual.}) 24... Ng7 25. Qh3 {This is a clear sign
that the attack has failed.} Bxg4 $6 26. Qxg4 $2 (26. Bxd5+ $1 $15) 26... Rxe1+
27. Rxe1 c6 28. f4 Nf7 {Now its smooth sailing for Aronian's extra knight.} 29.
c4 dxc4 30. fxg5 Qxg5 31. Qxg5 Nxg5 32. Bxc6 Rd8 33. Re5 Nf7 34. Re7 Rxd4 35.
Rxa7 Nf5 36. Kf2 Ne5 0-1

[Event "5th Zurich Opening Blitz"]
[Site "Zurich SUI"]
[Date "2016.02.12"]
[Round "4"]
[White "Giri, A."]
[Black "Aronian, L."]
[Result "0-1"]
[WhiteElo "2798"]
[BlackElo "2792"]
[PlyCount "144"]
[EventDate "2016.02.12"]
[EventType "blitz"]

1. Nf3 Nf6 2. d4 d5 3. e3 Bf5 4. c4 e6 5. Nc3 c6 6. Nh4 Bg6 7. Be2 Nbd7 8. O-O
Ne4 9. g3 Nd6 10. cxd5 cxd5 11. Bd2 Be7 12. Nxg6 hxg6 13. Kg2 g5 14. f3 Nb6 15.
b3 Qd7 16. g4 Kf8 17. Be1 Ne8 18. Rh1 g6 19. Rc1 Kg7 20. a4 Qd8 21. Rc2 Rc8 22.
Bd3 Nd7 23. Bg3 Nb8 24. Ne2 Bd6 25. Rxc8 Qxc8 26. Bf2 Qd8 27. Bb5 Nc7 28. Bd3
Nc6 29. Bb1 Ne8 30. Qe1 Bb4 31. Qc1 a6 32. h3 Be7 33. Qb2 Qb6 34. e4 Nd6 35.
Nc3 Nb4 36. Re1 Qc6 37. exd5 Nxd5 38. Nxd5 Qxd5 39. Re5 Qc6 40. d5 Qc7 41.
Rxe6+ Kh7 42. Re1 Rc8 43. Bd4 Ne8 44. Be5 Bd6 45. Bh8 Bh2 46. Be5 Bxe5 47. Rxe5
Qd8 48. Qd2 Kg7 49. Re1 Qf6 50. Bd3 Nd6 51. Rc1 Rxc1 52. Qxc1 Qe5 53. Bc4 b5
54. axb5 axb5 55. Bf1 Qxd5 56. Qc3+ Kg8 57. Kg3 Qd1 58. Kf2 Qd5 59. Kg3 Qd1 60.
Kf2 Qd5 61. Bd3 b4 62. Qd2 Qxb3 63. Bxg6 Nc4 64. Qd8+ Kg7 65. Be4 Qe3+ 66. Kg2
Nd2 67. Ba8 Qe2+ 68. Kg1 Qe3+ 69. Kg2 b3 70. Be4 Nxe4 71. fxe4 b2 72. Qb8 Qxe4+
0-1

[Event "5th Zurich Opening Blitz"]
[Site "Zurich SUI"]
[Date "2016.02.12"]
[Round "4"]
[White "Kramnik, V."]
[Black "Anand, V."]
[Result "1/2-1/2"]
[WhiteElo "2801"]
[BlackElo "2784"]
[PlyCount "107"]
[EventDate "2016.02.12"]
[EventType "blitz"]

1. d4 Nf6 2. Nf3 d5 3. Bg5 Ne4 4. Bh4 Bf5 5. e3 c6 6. Nbd2 Nd7 7. Bd3 Qb6 8.
O-O e6 9. Bxe4 dxe4 10. Nc4 Qa6 11. Nfd2 b5 12. Ne5 Nxe5 13. dxe5 Be7 14. Bxe7
Kxe7 15. Nb3 Rhd8 16. Qe1 Qb6 17. Qb4+ Ke8 18. Rfd1 a5 19. Qc3 Rd5 20. Rxd5
cxd5 21. a3 Kf8 22. h3 Kg8 23. Nc5 h5 24. Qd4 Rc8 25. b4 a4 26. c3 Qc7 27. Rf1
Bg6 28. f3 exf3 29. Rxf3 Qe7 30. Kh2 Rc7 31. Qf4 Rc8 32. Rg3 Rc7 33. Qg5 Qe8
34. Rf3 Qc8 35. g4 hxg4 36. hxg4 Rxc5 37. bxc5 Qxc5 38. Qd8+ Qf8 39. Qxf8+ Kxf8
40. Kg3 Be4 41. Rf2 g5 42. Rh2 Bd3 43. Rh5 Bg6 44. Rxg5 Kg7 45. Kh4 f6 46.
Rxg6+ Kxg6 47. exf6 e5 48. g5 d4 49. exd4 exd4 50. cxd4 b4 51. d5 bxa3 52. d6
a2 53. d7 a1=Q 54. d8=Q 1/2-1/2

[Event "5th Zurich Opening Blitz"]
[Site "Zurich SUI"]
[Date "2016.02.12"]
[Round "4"]
[White "Nakamura, Hi"]
[Black "Shirov, A."]
[Result "1/2-1/2"]
[WhiteElo "2787"]
[BlackElo "2684"]
[Annotator "Ramirez Alvarez,Alejandro"]
[PlyCount "121"]
[EventDate "2016.02.12"]
[EventType "blitz"]

1. e4 c5 2. Nf3 Nc6 3. Nc3 g6 4. d4 cxd4 5. Nxd4 Bg7 6. Nb3 Nf6 7. Be2 a6 8.
O-O b5 9. Re1 b4 10. Nd5 d6 11. Bf3 Rb8 12. Bg5 Nxd5 13. exd5 Ne5 14. Be2 h6
15. Be3 Bb7 16. a3 bxa3 17. Rxa3 O-O 18. Na5 Ba8 19. f4 Nd7 20. Nc6 Bxc6 21.
dxc6 Nf6 22. b3 a5 23. Bf3 d5 24. c4 Qd6 25. Rxa5 Qxc6 26. Bxd5 Nxd5 27. Rxd5
e6 28. Rd3 Rb7 29. Qf3 Qa6 30. h4 h5 31. Bf2 Rfb8 32. Red1 Qa2 33. Rd8+ Kh7 34.
Rxb8 Rxb8 35. Rd3 Qc2 36. Kh2 Ra8 37. Qxa8 Qxd3 38. Qf3 Qc2 39. c5 Bf8 40. b4
Qc4 41. Qb7 $1 {Very nice move from Hikaru. The f4 pawn is not that important
as long as the bishop can cover the diagonal.} Qxf4+ 42. Bg3 Qf5 43. c6 $2 {
But this is a big mistake!} (43. Qf3 {is simply 1-0. The pawns are too
powerful and Black must exchange queens.}) 43... g5 $1 44. hxg5 (44. c7 gxh4
45. c8=Q hxg3+ 46. Kxg3 Bd6+ 47. Kh4 Qg4# {gets White mated.}) 44... h4 45. Bb8
Bg7 {Suddenly things are not so easy.} 46. Qb6 Be5+ 47. Bxe5 Qxe5+ 48. Kh1 Qe1+
49. Qg1 Qxb4 50. Qc1 Qe4 51. Kh2 (51. Qc3 $1 $18) 51... Qe5+ 52. Kg1 Qd4+ 53.
Kh1 Qe4 54. Qf1 Qxc6 55. Qxf7+ Kh8 56. Qf6+ Kg8 57. Qg6+ Kf8 58. Qh6+ Kg8 59.
Qg6+ (59. g6 Qb7 {is not very dangerous for Black.}) 59... Kf8 60. Qh6+ Kg8 61.
Qg6+ 1/2-1/2

[Event "5th Zurich Opening Blitz"]
[Site "Zurich SUI"]
[Date "2016.02.12"]
[Round "5"]
[White "Shirov, A."]
[Black "Giri, A."]
[Result "1/2-1/2"]
[WhiteElo "2684"]
[BlackElo "2798"]
[PlyCount "117"]
[EventDate "2016.02.12"]
[EventType "blitz"]

1. e4 c5 2. Nf3 Nc6 3. Bb5 g6 4. O-O Bg7 5. c3 Nf6 6. Re1 O-O 7. h3 Qb6 8. Na3
Rd8 9. Bf1 d6 10. d4 cxd4 11. cxd4 d5 12. e5 Ne4 13. Nc2 f6 14. Ne3 Be6 15.
exf6 exf6 16. b3 Rac8 17. Bb2 Ne7 18. Rc1 Rxc1 19. Qxc1 Rc8 20. Qb1 Nf5 21. Rc1
Nxe3 22. Rxc8+ Bxc8 23. fxe3 Bh6 24. Qc1 Qc6 25. Bd3 Bf5 26. g4 Bd7 27. Kg2
Qxc1 28. Bxc1 Nc3 29. Bd2 Bb5 30. Bxb5 Nxb5 31. Kf2 Kf7 32. Ke2 Nd6 33. Bb4 Ne4
34. Nd2 Nxd2 35. Bxd2 Ke6 36. Kf3 f5 37. Be1 fxg4+ 38. hxg4 Bg5 39. Bg3 h5 40.
gxh5 gxh5 41. a4 Kf5 42. Bb8 a6 43. Bd6 Bh6 44. Be5 Bf8 45. Bc7 Bg7 46. Bg3 Bf6
47. Bf4 Ke6 48. Kg3 Be7 49. Kf3 Kf5 50. Bg3 h4 51. Bf4 Bb4 52. Bc7 Be7 53. Be5
Bg5 54. Bc7 b5 55. axb5 axb5 56. Bd6 Bd8 57. Be5 h3 58. Bf4 Bh4 59. Bc7 1/2-1/2

[Event "5th Zurich Opening Blitz"]
[Site "Zurich SUI"]
[Date "2016.02.12"]
[Round "5"]
[White "Anand, V."]
[Black "Nakamura, Hi"]
[Result "1-0"]
[WhiteElo "2784"]
[BlackElo "2787"]
[Annotator "Ramirez Alvarez,Alejandro"]
[PlyCount "71"]
[EventDate "2016.02.12"]
[EventType "blitz"]

1. e4 Nf6 2. e5 Nd5 3. d4 d6 4. Nf3 c6 5. Be2 dxe5 6. Nxe5 Nd7 7. Nf3 g6 8. O-O
Bg7 9. c4 Nc7 10. Nc3 O-O 11. Bf4 Ne6 12. Be3 Nf6 13. h3 Qc7 14. Qd2 Rd8 15.
Rad1 b6 16. Rfe1 Bb7 17. Qc1 Nh5 18. Bf1 Rac8 19. b4 Qb8 20. c5 a5 21. bxa5
bxc5 22. dxc5 Qa7 23. Bc4 Nc7 24. Rxd8+ $1 Rxd8 25. Rd1 $1 {Black simply has
no good way of dealing with the threat on his rook!} Re8 (25... Rxd1+ 26. Qxd1
Bxc3 27. Qd8+ Kg7 28. Qxc7 {and Black's position is completely collapsing.
Both Qxe7 and a6 are huge threats.}) 26. Ng5 e6 27. Rd7 Qxa5 28. Nce4 Bc8 29.
Rxf7 h6 30. Rxg7+ Kxg7 31. Nf3 {White's position is simply overwhelming.} Nd5
32. Bxh6+ Kh7 33. Nd6 Re7 34. Bf8 Rg7 35. Bxg7 Kxg7 36. Bxd5 1-0